ՀՀ Գիտությունների ազգային ակադեմիայի հիմնարար գիտական գրադարան  =   Fundamental Scientific Library of NAS RA

Այրած քնար մը Բինկեանի մոխիրներուն վրայ / (Record no. 540625)

MARC details
000 -LEADER
fixed length control field 03149nam a2200277 a 4500
003 - CONTROL NUMBER IDENTIFIER
control field AM-YEHGA
005 - DATE AND TIME OF LATEST TRANSACTION
control field 20260414105720.0
008 - FIXED-LENGTH DATA ELEMENTS--GENERAL INFORMATION
fixed length control field 260211s1909 tu a|||gr|||| 00||p arm d
040 ## - CATALOGING SOURCE
Original cataloging agency AM-YEHGA
041 0# - LANGUAGE CODE
Language code of text/sound track or separate title arm
100 1# - MAIN ENTRY--PERSONAL NAME
Personal name Էսաճանեան, Լեւոն
245 10 - TITLE STATEMENT
Title Այրած քնար մը Բինկեանի մոխիրներուն վրայ /
Statement of responsibility, etc. Լեւոն Էսաճանեան ; Հրատարակիչ՝ Յ. Գըլըճեան գրատուն.
260 ## - PUBLICATION, DISTRIBUTION, ETC.
Place of publication, distribution, etc. Կ. Պօլիս :
Name of publisher, distributor, etc. տպ. Օ. Արզուման,
Date of publication, distribution, etc. 1909.
300 ## - PHYSICAL DESCRIPTION
Extent (12 գիրք մեկ կազմի մեջ) ; 31 էջ :
Other physical details զարդանախշ, գունավոր նկար ;
Dimensions 17 սմ.
500 ## - GENERAL NOTE
General note Շարվածքը` 15X7,5 սմ:
500 ## - GENERAL NOTE
General note Շապիկին՝ գունանկար:
500 ## - GENERAL NOTE
General note Տպագրության վայրը վերցված է ­շապիկի վերջից, տպարանը` տիտղոսաթերթի դարձերեսից:
500 ## - GENERAL NOTE
General note Բնագրից առաջ՝ «Առաջաբան»:
500 ## - GENERAL NOTE
General note Շապիկի վերջերեսին՝ Յ. Գըլըճեան գրատան հրատարակությունների ցանկ:
500 ## - GENERAL NOTE
General note Ալիգ 1
501 ## - WITH NOTE
With note Մեկ կազմի մեջ՝ Հերանուշ Արշակեան : Իր կեանքը եւ բանաստեղծությունները / Հ. Նազարեանց։ Կ. Պօլիս: տպ. Վ. եւ Հ. Տէր-Ներսէսեան։ 1910։ - Ալիգ 2 ; "Արշալոյսի ղօղանջներ" : Բանաստեղծություններ / Շ. Կուրղինեան։ Նոր-Նախիջեւան: տպ. Սերովբէ Աւագեանի։ 1907։ - Ալիգ 3 ; Մենք եւ անոնք / Ըբթէյն Սինկիւլըր։ Կ. Պոլիս: տպ. Օսմանեան գործ. ընկ։ 1910։ - Ալիգ 4 ; Խռովարարներն և սահմանադրութիւնը ։ (Քննադատական թռուցիկ ակնարկ) / Սիւնիք։ Տրապիզոն։ Տպ․ «Մէշվէրէթ»։ 1910։ - Ալիգ 5 ; Վահէ։ Գրքոյկ Բ / Ասօ: Կ. Պոլիս: տպ. Օ. Արզուման: 1910: - Ալիգ 6 ; Դատաստան։ Գրքոյկ Ա / Ասօ։ Կ. Պոլիս: տպ. Օ. Արզուման։ 1909։ - Ալիգ 7 ; Դիւցազնուհին։ Վիպակ / Ասօ։ Կ. Պոլիս: տպ. Օ. Արզուման։ 1910։ - Ալիգ 8 ; Եօթն հոգի : (Պօէմա) ։ Գրքոյկ Դ / Ասօ։ Կ. Պոլիս: տպ. Նշան-Պապիկեան։ 1911։ - Ալիգ 9 ; Դիմակաւորներ : [Հնչակյան կուսակցության մասին] / Յ.Կ. Ճանկիւլեան։ Յեգիպտոս: Ա. հ.։ 1898։ - Ալիգ 10 ; Պատմութիւն Զեյթունի եւ վերջի պատերազմին, որ տեղի ունեցաւ 1895-ին / Ա. Միհրդատեան։ Կ. Պոլիս: Ա. հ.։ 1909։ - Ալիգ 11 ; Garden of eden defiled! / Huntchagist Revolutionary Party: Worcester: S. n.: S. a.: - Ալիգ 12
650 14 - SUBJECT ADDED ENTRY--TOPICAL TERM
Topical term or geographic name entry element Հայ պոեզիա
General subdivision Պատմություն և քննադատություն
9 (RLIN) 6692
710 2# - ADDED ENTRY--CORPORATE NAME
Corporate name or jurisdiction name as entry element Յ. Գըլըճեան գրատուն
Relator term հրատ․
856 41 - ELECTRONIC LOCATION AND ACCESS
Uniform Resource Identifier <a href="https://haygirk.nla.am/upload/1512-1940/1901-1940/ayrats_qnarmy_1909.pdf">https://haygirk.nla.am/upload/1512-1940/1901-1940/ayrats_qnarmy_1909.pdf</a>
Link text Կարդալ առցանց
942 ## - ADDED ENTRY ELEMENTS (KOHA)
Source of classification or shelving scheme Universal Decimal Classification
Koha item type Գրքեր / Books
Suppress in OPAC No
Holdings
Withdrawn status Lost status Source of classification or shelving scheme Damaged status Not for loan Collection Home library Current library Date acquired Serial enumeration / chronology Total checkouts Full call number Barcode Date last seen Price effective from Koha item type Public note
    Universal Decimal Classification     Postanjyan Individual Collection Fundamental Scientific Library Fundamental Scientific Library 11/02/2026 Ալիգ 1   Պոսթ/55 FL0703053 11/02/2026 11/02/2026 Գրքեր / Books ILL Non-Circ.


ՀՀ ԳԱԱ հիմնարար գիտական գրադարան
ՀՀ,Երևան 0019
Մարշալ Բաղրամյան 24/6
հեռախոս:(374-10) 52-47-50
Հետադարձ կապ

All site content, except where otherwise noted, is licensed under a
Creative Commons License